[Event "Druzynowe Mistrzostwa Polski - II Liga 2023"]
[Site "Jastrzebia Gora"]
[Date "1899-12-30"]
[Round "3.63"]
[White "Marszk, Kazimierz"]
[Black "Augustyn, Sebastian"]
[Result "0-1"]
[WhiteTitle "FM"]
[BlackTitle "k"]
[WhiteElo "1801"]
[BlackElo "2046"]

1. g3 d5 2. Bg2 e5 3. Nf3 e4 4. Nd4 c5 5. Nb5 a6 6. N5a3 Nf6 7. c4 d4 8. d3 exd3
9. Qxd3 Be7 10. O-O Nc6 11. Bxc6+ bxc6 12. e3 O-O 13. Nc2 dxe3 14. Qxe3 Bf5 15.
Ne1 Ng4 16. Qa3 Ne5 17. b3 Bh3 18. Bb2 Bxf1 19. Bxe5 Bh3 20. Nc3 Bf6 21. Qxc5
Re8 22. Nf3 Qd3 23. Ne1 Qf1# 0-1

[Event "Druzynowe Mistrzostwa Polski - II Liga 2023"]
[Site "Jastrzebia Gora"]
[Date "1899-12-30"]
[Round "3.64"]
[White "Draganik, Grzegorz"]
[Black "Grajczak, Adrian"]
[Result "0-1"]
[WhiteTitle "I"]
[BlackTitle "I++"]
[WhiteElo "1858"]
[BlackElo "1858"]

1. e4 c5 2. Nc3 g6 3. d4 cxd4 4. Qxd4 Nf6 5. Be3 Bg7 6. f3 O-O 7. Qd2 Nc6 8. O-O-O
d6 9. Bh6 Be6 10. Nge2 Qa5 11. Bxg7 Kxg7 12. Kb1 Ne5 13. Nf4 Rac8 14. Nxe6+ fxe6
15. Nb5 Qxd2 16. Rxd2 a6 17. Nd4 Kf7 18. Bd3 g5 19. c3 Nxd3 20. Rxd3 e5 21. Nf5
h5 22. h3 h4 23. Kc2 Ke6 24. a4 d5 25. Re1 dxe4 26. fxe4 Rc4 27. b3 Rxe4 28. Ne3
Nd5 29. Rxd5 Rxe3 30. Rxe3 Kxd5 31. Kd3 Rf2 32. c4+ Ke6 33. g3 Kf5 34. gxh4 gxh4
35. c5 a5 36. Kc4 Kf4 37. Re1 e4 38. b4 axb4 39. Kxb4 e3 40. a5 Rc2 41. Kb5 e2
42. c6 bxc6+ 43. Kb6 Kf3 44. a6 Kf2 45. a7 Ra2 46. Rh1 Ra3 0-1

[Event "Druzynowe Mistrzostwa Polski - II Liga 2023"]
[Site "Jastrzebia Gora"]
[Date "1899-12-30"]
[Round "3.65"]
[White "Brylowski, Stefan"]
[Black "Mirowska, Oliwia"]
[Result "1/2-1/2"]
[WhiteTitle "I++"]
[BlackTitle "k"]
[WhiteElo "1942"]
[BlackElo "1976"]

1. d4 c5 2. e3 Nf6 3. Nf3 g6 4. c4 Bg7 5. Nc3 cxd4 6. exd4 d5 7. h3 Nc6 8. c5 Ne4
9. Bb5 O-O 10. Be3 Qa5 11. Qb3 Be6 12. O-O Nxc5 13. dxc5 d4 14. Qa4 Qxa4 15. Nxa4
dxe3 16. fxe3 Nb4 17. Ng5 Bd5 18. e4 Bxa2 19. Rxa2 Bd4+ 20. Kh1 Nxa2 21. Bc4 Bf6
22. Nxf7 Nb4 23. e5 Rxf7 24. exf6 exf6 25. Rxf6 Raf8 26. Rf4 Nc6 27. Kg1 Ne5 28.
Bxf7+ Rxf7 29. Re4 Nd3 30. Re8+ Kg7 31. Ra8 a6 32. Rd8 Nb4 1/2-1/2

[Event "Druzynowe Mistrzostwa Polski - II Liga 2023"]
[Site "Jastrzebia Gora"]
[Date "1899-12-30"]
[Round "3.66"]
[White "Jalowiec, Halina"]
[Black "Baginskaite, Kamile"]
[Result "0-1"]
[WhiteTitle "WFM"]
[BlackTitle "WGM"]
[WhiteElo "1773"]
[BlackElo "2097"]

1. e4 c5 2. Nf3 d6 3. d4 cxd4 4. Nxd4 Nf6 5. f3 e5 6. Nb3 d5 7. Bg5 Be6 8. exd5
Qxd5 9. Nc3 Qxd1+ 10. Rxd1 Bb4 11. Bb5+ Nbd7 12. O-O Bxc3 13. bxc3 a6 14. Bxd7+
Nxd7 15. Rfe1 Rc8 16. Re3 f6 17. Bh4 Ke7 18. Be1 Nb6 19. Na5 Rc7 20. Rb1 Nd5 21.
Rd3 b6 22. c4 Nf4 23. Rxb6 Nxd3 24. cxd3 Bf5 25. Bb4+ Kf7 26. Bd6 Rd7 27. Kf2
Rhd8 28. c5 Bxd3 29. Ke3 Bf1 30. g3 Bb5 31. a3 f5 32. Nc6 Bxc6 33. Rxc6 Ke6 34.
Rxa6 Kd5 35. Ra4 Rb7 36. h4 Rb3+ 37. Ke2 e4 38. fxe4+ fxe4 39. Ra7 g6 40. Kd2
e3+ 41. Ke2 Re8 42. Be7 h5 43. Kf3 Rc3 44. Ke2 Rb8 45. Bf6 Rb2+ 46. Kd1 0-1

[Event "Druzynowe Mistrzostwa Polski - II Liga 2023"]
[Site "Jastrzebia Gora"]
[Date "1899-12-30"]
[Round "3.67"]
[White "Kaczmarek, Aleksander"]
[Black "Mrozowski, Patryk"]
[Result "1-0"]
[WhiteTitle "FM"]
[BlackTitle "I++"]
[WhiteElo "2276"]
[BlackElo "2118"]

1. e4 c5 2. Nf3 d6 3. d4 cxd4 4. Nxd4 Nf6 5. Nc3 a6 6. g3 e5 7. Nde2 Be6 8. Bg2
Nbd7 9. O-O Qc7 10. a4 Be7 11. b3 Rc8 12. Bb2 g5 13. Kh1 h5 14. Nd5 Bxd5 15. exd5
h4 16. Kg1 Nf8 17. c4 Ng6 18. Nc3 Qd7 19. Re1 Kf8 20. Ne4 Nxe4 21. Bxe4 Qh3 22.
g4 Nf4 23. Re3 f5 24. gxf5 1-0

[Event "Druzynowe Mistrzostwa Polski - II Liga 2023"]
[Site "Jastrzebia Gora"]
[Date "1899-12-30"]
[Round "3.68"]
[White "Papka, Sebastian"]
[Black "Suliborski, Jakub"]
[Result "0-1"]
[WhiteTitle "k"]
[BlackTitle "k"]
[WhiteElo "2107"]
[BlackElo "2218"]

1. d4 d5 2. Nf3 e6 3. g3 Nf6 4. Bg2 Be7 5. O-O O-O 6. c4 a6 7. b3 Nbd7 8. cxd5
exd5 9. Nc3 c6 10. Qc2 Re8 11. Re1 Nf8 12. Bb2 Ng6 13. Rad1 Bb4 14. Nd2 Bg4 15.
f3 Be6 16. a3 Bf8 17. Na4 h5 18. Nc5 Bc8 19. Nd3 h4 20. Ne5 hxg3 21. hxg3 Nxe5
22. dxe5 Nh5 23. Nf1 Re6 24. e3 Nxg3 25. Nxg3 Qg5 26. Qf2 Rg6 27. Ne2 Bc5 28.
Nf4 Rh6 29. b4 Bb6 30. Kf1 Bf5 31. a4 Re8 32. a5 Ba7 33. Bd4 Bxd4 34. Rxd4 Rxe5
35. Ke2 Qe7 36. Rc1 g5 37. Nd3 Bxd3+ 38. Kxd3 Rhe6 39. Re1 c5 40. bxc5 Qxc5 41.
Qa2 Rc6 42. Qb2 Qxa5 43. Rb1 Rc3+ 44. Qxc3 Rxe3+ 45. Kxe3 Qxc3+ 46. Rd3 d4+ 47.
Ke2 Qc2+ 48. Rd2 d3+ 49. Ke3 Qxb1 50. Kd4 0-1

[Event "Druzynowe Mistrzostwa Polski - II Liga 2023"]
[Site "Jastrzebia Gora"]
[Date "1899-12-30"]
[Round "3.70"]
[White "Zielinski, Olgierd"]
[Black "Powalka, Michal"]
[Result "0-1"]
[WhiteTitle "I+"]
[BlackTitle "I++"]
[WhiteElo "1822"]
[BlackElo "1943"]

1. e4 e5 2. Nf3 Nc6 3. Bb5 a6 4. Ba4 Nf6 5. d3 b5 6. Bb3 Be7 7. Nc3 O-O 8. a3 d6
9. Nd5 Nxd5 10. Bxd5 Bd7 11. h4 Rb8 12. Ng5 g6 13. c3 Bf6 14. Qf3 h5 15. Be3 Kg7
16. b4 Qe7 17. Kd2 Nd8 18. Qg3 c6 19. Bb3 Ne6 20. a4 bxa4 21. Rxa4 c5 22. Nxe6+
Bxe6 23. Bxe6 Qxe6 24. Rxa6 Qb3 25. Rc1 cxb4 26. cxb4 Rfc8 27. Rac6 Rxc6 28. Rxc6
Ra8 29. Rc1 Ra2+ 30. Ke1 Bxh4 31. Qf3 Qxb4+ 32. Kf1 Bd8 33. g4 h4 34. g5 Qb3 35.
Qg4 Qxd3+ 36. Kg1 Ra4 37. Qxh4 Qxe4 38. Qh6+ Kg8 39. Rc8 Qg4+ 0-1

[Event "Druzynowe Mistrzostwa Polski - II Liga 2023"]
[Site "Jastrzebia Gora"]
[Date "1899-12-30"]
[Round "3.71"]
[White "Basiaga, Sebastian"]
[Black "Gorniewicz, Oskar"]
[Result "1-0"]
[WhiteTitle "I"]
[BlackTitle "I"]
[WhiteElo "1856"]
[BlackElo "1889"]

1. e4 c5 2. Nf3 d6 3. Bb5+ Nd7 4. O-O a6 5. Bd3 Ngf6 6. Re1 Qc7 7. c4 Ne5 8. Nxe5
dxe5 9. b3 e6 10. Bb2 Bd6 11. Bf1 Bd7 12. Qf3 Bc6 13. d3 h6 14. Nd2 O-O-O 15.
Bc3 Qe7 16. a3 Nd7 17. Qe2 f5 18. Rab1 b6 19. b4 f4 20. b5 axb5 21. cxb5 Bb7 22.
Nc4 Bc7 23. a4 Qg5 24. f3 Kb8 25. Qb2 h5 26. a5 h4 27. h3 Rh5 28. Rec1 Rg8 29.
Be1 Qe7 30. Bf2 Rc8 31. Rc3 bxa5 32. b6 Bd8 33. Qb5 Rc6 34. Qxa5 Kc8 35. Rcb3
g6 36. Qa7 Nb8 37. Na5 Rh7 38. Rc3 Qd6 39. Nxc6 Nxc6 40. Qa3 Nd4 41. Qa5 Be7 42.
Rbc1 Kd8 43. Qa7 Qc6 44. Qb8+ Kd7 45. Qxe5 Bd6 46. Qg5 Qxb6 47. Qxg6 Re7 48. Bxh4
c4 49. Kh1 Nb3 50. Bxe7 Bxe7 51. dxc4 Nxc1 52. Rxc1 Qe3 53. Rd1+ Kc7 54. Qf7 1-0

[Event "Druzynowe Mistrzostwa Polski - II Liga 2023"]
[Site "Jastrzebia Gora"]
[Date "1899-12-30"]
[Round "3.72"]
[White "Sivickis, Wiktoria"]
[Black "Rudnik, Anna"]
[Result "1/2-1/2"]
[WhiteTitle "I++"]
[BlackTitle "I++"]
[WhiteElo "1684"]
[BlackElo "1800"]

1. Nf3 Nf6 2. c4 e6 3. e3 b6 4. Nc3 Bb7 5. d4 Bb4 6. Bd2 Bxc3 7. Bxc3 Ne4 8. Rc1
d6 9. Be2 Nd7 10. O-O O-O 11. Nd2 Nxc3 12. Rxc3 f5 13. Bf3 Bxf3 14. Qxf3 c5 15.
dxc5 dxc5 16. Qc6 Qe7 17. Nf3 Rfc8 18. Qb7 Qd6 19. Rc2 Rcb8 20. Qa6 Nf6 21. Rd2
Qc7 22. Rfd1 Rd8 23. Qa4 Rxd2 24. Rxd2 Rd8 25. Qd1 Rxd2 26. Qxd2 h6 27. h3 Ne4
28. Qd3 Kh7 29. Nd2 Nf6 30. Nf3 g6 31. Nd2 Qd7 32. Qxd7+ 1/2-1/2

[Event "Druzynowe Mistrzostwa Polski - II Liga 2023"]
[Site "Jastrzebia Gora"]
[Date "1899-12-30"]
[Round "3.73"]
[White "Sliwicka, Alicja"]
[Black "Osinski, Emil"]
[Result "1/2-1/2"]
[WhiteTitle "WIM"]
[BlackTitle "k"]
[WhiteElo "2321"]
[BlackElo "2157"]

1. e4 c5 2. Nf3 e6 3. d4 cxd4 4. Nxd4 Nf6 5. Nc3 Nc6 6. Ndb5 Bb4 7. a3 Bxc3+ 8.
Nxc3 d5 9. exd5 exd5 10. Bd3 O-O 11. O-O Bg4 12. f3 Bh5 13. Bg5 Qb6+ 14. Kh1 Ne4
15. Nxe4 dxe4 16. Bxe4 Qxb2 17. Qb1 Qb6 18. Qxb6 axb6 19. Rfb1 Bg6 20. Bxg6 hxg6
21. Rxb6 Rfc8 22. Rxb7 Nd4 23. a4 f6 24. Bd2 Rxc2 25. Bf4 g5 26. Rb8+ Rxb8 27.
Bxb8 Nb3 28. Rb1 Nd2 29. Ra1 Nb3 30. Rb1 Nd2 31. Ra1 1/2-1/2

[Event "Druzynowe Mistrzostwa Polski - II Liga 2023"]
[Site "Jastrzebia Gora"]
[Date "1899-12-30"]
[Round "3.74"]
[White "Walentukiewicz, Michal"]
[Black "Sliwicki, Damian"]
[Result "0-1"]
[WhiteTitle "CM"]
[BlackTitle "CM"]
[WhiteElo "2074"]
[BlackElo "2091"]

1. g3 e5 2. Bg2 d5 3. c4 d4 4. d3 Nc6 5. Nf3 Bc5 6. O-O Nge7 7. Na3 Bxa3 8. bxa3
O-O 9. Rb1 Rb8 10. a4 Re8 11. Ba3 h6 12. Nd2 b6 13. Nb3 Bb7 14. Qd2 Qd7 15. Rfc1
Nd8 16. Bxb7 Nxb7 17. a5 c5 18. axb6 axb6 19. Na1 Nd6 20. Rb3 e4 21. Rcb1 Qc6
22. Nc2 Nef5 23. Ne1 e3 24. Qb2 exf2+ 25. Kxf2 Ne3 26. Nf3 Nc8 27. Qd2 g5 28.
Rg1 Rb7 29. Rbb1 Rbe7 30. Rbe1 g4 31. Nxd4 Qf6+ 32. Nf3 gxf3 33. exf3 Qd4 0-1

[Event "Druzynowe Mistrzostwa Polski - II Liga 2023"]
[Site "Jastrzebia Gora"]
[Date "1899-12-30"]
[Round "3.75"]
[White "Praczukowski, Stanislaw"]
[Black "Bienias, Piotr"]
[Result "1-0"]
[WhiteTitle "k"]
[BlackTitle "I++"]
[WhiteElo "2142"]
[BlackElo "1934"]

1. d4 Nf6 2. c4 e6 3. Nf3 d5 4. g3 Bb4+ 5. Nbd2 dxc4 6. Bg2 b5 7. O-O O-O 8. a4
c6 9. Ne1 Nd5 10. Nc2 Be7 11. e4 Nc7 12. e5 Nd5 13. Ne4 Nd7 14. axb5 cxb5 15.
Nc3 Nxc3 16. bxc3 Rb8 17. Rxa7 Qb6 18. Ra1 Bb7 19. Qg4 Kh8 20. Ba3 Bxg2 21. Kxg2
f5 22. Qf3 Bxa3 23. Rxa3 f4 24. g4 Qd8 25. Nb4 Qg5 26. Ra5 h5 27. h3 Rfe8 28.
Kh2 hxg4 29. Qxg4 Qxg4 30. hxg4 Kh7 31. Kg2 Kh6 32. Kf3 g5 33. Ra7 Nf8 34. Rh1+
Kg6 35. Rh8 Ra8 36. Rg8+ Kh6 37. Rag7 Ra3 38. Rxg5 Rxc3+ 39. Kg2 Kh7 40. R5g7+
Kh6 41. f3 Re7 42. g5+ Kh5 43. Rh8+ Nh7 44. Rhxh7# 1-0

[Event "Druzynowe Mistrzostwa Polski - II Liga 2023"]
[Site "Jastrzebia Gora"]
[Date "1899-12-30"]
[Round "3.76"]
[White "Antoniewicz, Jakub"]
[Black "Gorkiewicz, Mateusz"]
[Result "0-1"]
[WhiteTitle "I"]
[BlackTitle "k"]
[WhiteElo "1950"]
[BlackElo "2133"]

1. d4 Nf6 2. Nf3 e6 3. c4 d5 4. g3 Be7 5. Bg2 O-O 6. Nc3 dxc4 7. Ne5 Qd6 8. O-O
Qa6 9. Qa4 Rd8 10. Rd1 Qxa4 11. Nxa4 Nd5 12. Nc3 Nb6 13. Bf4 g5 14. Be3 f6 15.
Nf3 Bd7 16. d5 Nxd5 17. Rxd5 exd5 18. Nxd5 Nc6 19. Nd4 Nxd4 20. Nxe7+ Kf7 21.
Bxd4 Kxe7 22. Bxb7 Rab8 23. Bg2 Bg4 24. Bc3 Bxe2 25. Be4 h6 26. Bc2 Kf7 27. Re1
Bd3 28. Ba4 h5 29. Kg2 Rd6 30. Bd1 Rh8 31. Bb4 Re6 32. Rg1 g4 33. f3 Be2 34. fxg4
hxg4 35. Bc3 Rd8 36. Bxe2 Rxe2+ 37. Kh1 Ke6 38. Rf1 f5 39. Kg1 Rd7 40. a3 Rh7
41. Rf4 Rhxh2 42. Rxc4 Reg2+ 43. Kf1 Rc2 44. Kg1 Rhg2+ 45. Kf1 Rxg3 46. Rxc7 Rf3+
47. Kg1 Rd3 48. Rxa7 Rd1+ 0-1

[Event "Druzynowe Mistrzostwa Polski - II Liga 2023"]
[Site "Jastrzebia Gora"]
[Date "1899-12-30"]
[Round "3.77"]
[White "Tamon, Radoslaw"]
[Black "Jankowski, Aleksander"]
[Result "1/2-1/2"]
[WhiteTitle "I"]
[BlackTitle "I"]
[WhiteElo "1845"]
[BlackElo "1679"]

1. d4 Nf6 2. c4 e6 3. Nc3 Bb4 4. Bg5 h6 5. Bxf6 Qxf6 6. a3 Bxc3+ 7. bxc3 b6 8.
e4 d6 9. Nf3 Nc6 10. Be2 O-O 11. O-O e5 12. Qd2 Ba6 13. Rfe1 Na5 14. Qa2 Qe6 15.
Nd2 c5 16. d5 Qd7 17. Qc2 f5 18. exf5 Qxf5 19. Qxf5 Rxf5 20. Bd3 Rf4 21. g3 Rf7
22. f4 exf4 23. Re6 fxg3 24. hxg3 Rd8 25. Rae1 Bc8 26. Re8+ Rf8 27. R8e7 Rd7 28.
Bg6 Rxe7 29. Rxe7 Rf6 30. Re8+ Rf8 31. Bh7+ Kf7 32. Bg6+ Kg8 33. Re7 Rf6 34. Re8+
1/2-1/2

[Event "Druzynowe Mistrzostwa Polski - II Liga 2023"]
[Site "Jastrzebia Gora"]
[Date "1899-12-30"]
[Round "3.78"]
[White "Jankowska, Julia"]
[Black "Sliwicka, Weronika"]
[Result "1-0"]
[WhiteTitle "I++"]
[BlackTitle "I"]
[WhiteElo "1748"]
[BlackElo "1526"]

1. d4 d5 2. Nf3 Nf6 3. g3 e6 4. c4 dxc4 5. Bg2 a6 6. O-O c5 7. dxc5 Qxd1 8. Rxd1
Nc6 9. Nbd2 Bxc5 10. Nxc4 O-O 11. Bf4 Nd5 12. Bd6 Bxd6 13. Nxd6 Rd8 14. Ne4 b6
15. Rac1 Bb7 16. Ned2 h6 17. Nc4 b5 18. Ncd2 Rac8 19. Nb3 Ba8 20. Nc5 a5 21. Ne4
b4 22. Rc5 f5 23. Ned2 Nf6 24. Rdc1 Ne7 25. Rxc8 Rxc8 26. Rxc8+ Nxc8 27. Nd4 Bxg2
28. Kxg2 Kf7 29. Nc6 a4 30. Nxb4 Nb6 31. Nc6 Nfd7 32. Nf3 Kf6 33. Nfd4 e5 34.
Nb5 Nc4 35. b3 axb3 36. axb3 Nd2 37. b4 Ke6 38. Nc3 Kd6 39. Na5 Nb6 40. Nb7+ Kc6
41. Na5+ Kd6 42. f3 Ndc4 43. Nxc4+ Nxc4 44. Kf2 Na3 45. e4 Nc2 46. exf5 Nxb4 47.
Ke3 Ke7 48. Ke4 Kf6 49. h4 Nc6 50. g4 Nb4 51. Nd5+ Nxd5 52. Kxd5 h5 53. Ke4 g5
54. hxg5+ Kxg5 55. gxh5 1-0

[Event "Druzynowe Mistrzostwa Polski - II Liga 2023"]
[Site "Jastrzebia Gora"]
[Date "1899-12-30"]
[Round "3.79"]
[White "Banasik, Krzysztof"]
[Black "Siwiec, Arkadiusz"]
[Result "1/2-1/2"]
[WhiteTitle "k+"]
[BlackTitle "I++"]
[WhiteElo "2211"]
[BlackElo "2211"]

1. e4 c5 2. Nf3 d6 3. Bc4 Nf6 4. d3 Nc6 5. O-O e6 6. Nbd2 Be7 7. Re1 O-O 8. c3
Qc7 9. Nf1 d5 10. Bb3 d4 11. e5 Nd7 12. Bf4 Rd8 13. h4 Nf8 14. h5 h6 15. c4 f5
16. N1h2 Bd7 17. g4 Be8 18. Nd2 Bg5 19. Bxg5 hxg5 20. Qe2 g6 21. h6 Qh7 22. Kg2
Qxh6 23. Rh1 Qg7 24. Ndf3 Nh7 25. Rae1 Nb8 26. Qd1 Bd7 27. Ba4 Bc8 28. Qd2 f4
29. Nf1 b6 30. Qe2 Bb7 31. N1d2 Nc6 32. Bxc6 Bxc6 33. Ne4 Qe7 34. Rh6 Kg7 35.
Reh1 Rh8 36. R1h3 Rag8 37. Kg1 Bxe4 38. Qxe4 Nf8 39. Rxh8 1/2-1/2

[Event "Druzynowe Mistrzostwa Polski - II Liga 2023"]
[Site "Jastrzebia Gora"]
[Date "1899-12-30"]
[Round "3.80"]
[White "Jankowiak, Tomasz"]
[Black "Ciszewski, Krzysztof"]
[Result "0-1"]
[WhiteTitle "CM"]
[BlackTitle "k"]
[WhiteElo "2174"]
[BlackElo "2055"]

1. e4 c5 2. Nf3 d6 3. d4 cxd4 4. Nxd4 Nf6 5. Nc3 a6 6. Bg5 e6 7. f4 h6 8. Bh4 Qb6
9. a3 Be7 10. Bf2 Qc7 11. Qf3 Nbd7 12. O-O-O b5 13. g4 Bb7 14. h4 Nc5 15. Bd3
d5 16. e5 Nfe4 17. Be1 Nxc3 18. Bxc3 Ne4 19. Bb4 O-O-O 20. Kb1 Kb8 21. Qe3 h5
22. g5 g6 23. Nb3 Rc8 24. Ba5 Qc6 25. Nd4 Qe8 26. Bxe4 dxe4 27. Bb6 Bd8 28. Ba7+
Ka8 29. Nb3 Bd5 30. Rhe1 Qc6 31. Rc1 a5 32. Bd4 Qc4 33. Qd2 a4 34. Ka1 axb3 35.
cxb3 Qxb3 36. Rxc8+ Kb7 37. Kb1 Kxc8 38. Rc1+ Kd7 39. Rc5 Bb6 0-1

[Event "Druzynowe Mistrzostwa Polski - II Liga 2023"]
[Site "Jastrzebia Gora"]
[Date "1899-12-30"]
[Round "3.82"]
[White "Grzeskow, Adrian"]
[Black "Szczesniak, Konrad"]
[Result "0-1"]
[WhiteTitle "I+"]
[BlackTitle "k"]
[WhiteElo "1955"]
[BlackElo "2011"]

1. e4 c5 2. Nc3 g6 3. b3 Bg7 4. Bb2 Nc6 5. f4 e6 6. Nf3 Nge7 7. d3 d5 8. Qd2 dxe4
9. dxe4 Qxd2+ 10. Nxd2 Nb4 11. Bd3 O-O 12. e5 Nxd3+ 13. cxd3 Rd8 14. Nde4 b6 15.
Nd6 Ba6 16. O-O-O Nc6 17. Nce4 Nb4 18. Nf2 Nxa2+ 19. Kb1 Nb4 20. d4 Nd5 21. g3
cxd4 22. Bxd4 Bf8 23. Nfe4 f5 24. Ng5 Bxd6 25. exd6 Rxd6 26. Rhe1 Re8 27. Be5
Rdd8 28. Kb2 h6 29. Nf3 Nb4 30. Rxd8 Rxd8 31. Ra1 Be2 32. Nd4 a5 33. Nxe6 Rd2+
34. Kc3 Rd3+ 35. Kb2 Bf3 36. Bc3 Nd5 37. Rc1 Be4 38. Be1 Ne3 39. Nc7 Nf1 40. Bxa5
bxa5 41. Rxf1 Rd2+ 42. Ka3 Rxh2 43. Rc1 Rc2 44. Rxc2 Bxc2 45. Ne6 Kf7 46. Nd4
Be4 47. Ka4 Kf6 48. Kxa5 g5 49. Kb6 gxf4 50. gxf4 h5 51. Ne2 h4 52. Ng1 Bg2 53.
Kc7 h3 54. Nxh3 Bxh3 55. b4 Ke6 56. b5 Bg2 57. b6 Bf3 58. b7 Bxb7 59. Kxb7 Kd5
60. Kb6 Ke4 0-1

[Event "Druzynowe Mistrzostwa Polski - II Liga 2023"]
[Site "Jastrzebia Gora"]
[Date "1899-12-30"]
[Round "3.83"]
[White "Zgadzaj, Rafal"]
[Black "Statucki, Maciej"]
[Result "1-0"]
[WhiteTitle "CM"]
[BlackTitle "I"]
[WhiteElo "1913"]
[BlackElo "1868"]

1. c4 c5 2. Nf3 Nc6 3. g3 g6 4. Bg2 Bg7 5. O-O e6 6. Nc3 Nge7 7. d3 d5 8. cxd5
exd5 9. Bf4 Be6 10. Nb5 O-O 11. Nc7 Rc8 12. Nxe6 fxe6 13. Ng5 Qd7 14. Bh3 Nf5
15. e4 Nfd4 16. exd5 Qxd5 17. Re1 Rce8 18. Bg2 Qd7 19. Rc1 b6 20. a3 a5 21. h4
h6 22. Ne4 Ne7 23. Nd6 Rd8 24. Nc4 Nd5 25. Be5 Qf7 26. f4 Nf5 27. Qf3 Bxe5 28.
Rxe5 Nd4 29. Qg4 Nf6 30. Qd1 Nh5 31. Qe1 Qc7 32. b4 axb4 33. axb4 cxb4 34. Nd2
Qf7 35. Ne4 Nxf4 36. gxf4 Qxf4 37. Ng3 Rc8 38. Rc4 Rxc4 39. dxc4 Nc2 40. Qe4 Qxg3
41. Rxe6 Qf2+ 42. Kh1 Qf5 43. Rxg6+ Kh7 44. Rxb6 Kg7 45. Rb7+ Kh8 46. Rb8 Qf6
47. Rxf8+ Qxf8 48. Qxc2 Qf6 49. Kg1 Qe5 50. Qe4 Qa1+ 51. Kh2 Qc3 52. Qe8+ Kg7
53. Qe7+ Kg6 54. Be4+ Kh5 55. Qf7+ Kxh4 56. Qf4+ Kh5 57. Bf5 Qb2+ 58. Kg3 Qc3+
59. Qf3+ Qxf3+ 60. Kxf3 Kg5 61. Be4 h5 62. Ke3 h4 63. c5 Kf6 64. Kd4 1-0

[Event "Druzynowe Mistrzostwa Polski - II Liga 2023"]
[Site "Jastrzebia Gora"]
[Date "1899-12-30"]
[Round "3.84"]
[White "Czarniecka, Aleksandra"]
[Black "Pietrzak, Emilia"]
[Result "1-0"]
[WhiteTitle "m"]
[BlackTitle "I++"]
[WhiteElo "2000"]
[BlackElo "1671"]

1. e4 c5 2. Nf3 e6 3. d4 cxd4 4. Nxd4 Nc6 5. Nc3 Qc7 6. Be3 a6 7. a3 b5 8. Nxc6
Qxc6 9. Bd3 Bb7 10. Qe2 Rc8 11. f4 Nf6 12. O-O Bc5 13. Bxc5 Qxc5+ 14. Kh1 d5 15.
exd5 Nxd5 16. Ne4 Qe7 17. f5 e5 18. f6 Nxf6 19. Nxf6+ gxf6 20. Qg4 Qf8 21. Rad1
Rc7 22. Be4 Rg8 23. Qf3 Bxe4 24. Qxe4 Ke7 25. Qf3 Qg7 26. Qd5 Rgc8 27. c3 Rc6
28. Qd7+ Kf8 29. Rd3 Qg5 30. Rg3 Qh6 31. h3 Qh4 32. Rg4 Qh6 33. Rf3 f5 34. Rxf5
Qe6 35. Qd3 Rd6 36. Qf3 Rcd8 37. Re4 Rd5 38. Qh5 Qg6 39. Rexe5 Rd2 40. Qf3 Rd1+
41. Kh2 R1d2 42. Rg5 R2d3 43. Qg4 h5 44. Qh4 Qd6 45. Qxh5 1-0

[Event "Druzynowe Mistrzostwa Polski - II Liga 2023"]
[Site "Jastrzebia Gora"]
[Date "1899-12-30"]
[Round "3.85"]
[White "Taranowicz, Michal"]
[Black "Lis, Mateusz"]
[Result "1-0"]
[WhiteTitle "k"]
[BlackTitle "k"]
[WhiteElo "2092"]
[BlackElo "2043"]

1. e4 c5 2. Nc3 a6 3. Nge2 e6 4. g3 Nc6 5. Bg2 g6 6. d3 Bg7 7. O-O Nge7 8. Be3
d6 9. f4 O-O 10. g4 f5 11. Ng3 Nd4 12. gxf5 exf5 13. Nd5 Ndc6 14. c3 Nxd5 15.
exd5 Ne7 16. Re1 Kh8 17. a4 Bd7 18. a5 Ng8 19. Nf1 Nf6 20. h3 Re8 21. Qf3 Qc7
22. Nd2 Bb5 23. c4 Bd7 24. Qf2 Re7 25. Nf3 Rae8 26. Bd2 Ne4 27. dxe4 fxe4 28.
Qh4 Bf5 29. Ng5 Bxb2 30. Ra2 e3 31. Bc1 Bc3 32. Bb2 Bxb2 33. Rxb2 Qxa5 34. Rbe2
h5 35. Ne6 Bxe6 36. Rxe3 Kg7 37. dxe6 Qd2 38. Bd5 1-0

[Event "Druzynowe Mistrzostwa Polski - II Liga 2023"]
[Site "Jastrzebia Gora"]
[Date "1899-12-30"]
[Round "3.86"]
[White "Szolc, Grzegorz"]
[Black "Kozlowski, Michal"]
[Result "0-1"]
[WhiteTitle "I++"]
[BlackTitle "I++"]
[WhiteElo "2017"]
[BlackElo "2048"]

1. d4 d5 2. Bf4 c5 3. e3 Nc6 4. c3 Qb6 5. b3 Nf6 6. Bd3 g6 7. Nf3 Nh5 8. Bg3 Bg7
9. Nbd2 O-O 10. Rc1 Bg4 11. O-O Nxg3 12. hxg3 e5 13. dxe5 Nxe5 14. Be2 Nc6 15.
Nh2 Be6 16. Qc2 Rac8 17. Bg4 f5 18. Be2 d4 19. cxd4 cxd4 20. Bc4 Nb4 21. Qd1 dxe3
22. Qe2 Nxa2 23. Bxe6+ Qxe6 24. Rxc8 Rxc8 25. Nc4 Nc3 26. Qxe3 Qxe3 27. Nxe3 Ne2+
28. Kh1 Rc3 29. Re1 Nd4 30. b4 Nc2 31. Nxc2 Rxc2 32. Nf3 Rb2 33. Ng5 Bf6 34. Ne6
Rxb4 35. Nc7 Kf7 0-1

[Event "Druzynowe Mistrzostwa Polski - II Liga 2023"]
[Site "Jastrzebia Gora"]
[Date "1899-12-30"]
[Round "3.87"]
[White "Kitewski, Bartosz"]
[Black "Grochol, Kamil"]
[Result "1/2-1/2"]
[WhiteTitle "I++"]
[BlackTitle "I++"]
[WhiteElo "1967"]
[BlackElo "2093"]

1. d4 Nf6 2. c4 e6 3. Nc3 Bb4 4. Bg5 c5 5. d5 h6 6. Bh4 d6 7. f3 g5 8. Bf2 exd5
9. cxd5 Qa5 10. Qd2 Nxd5 11. Rc1 Be6 12. e4 Nb6 13. h4 Rg8 14. hxg5 hxg5 15. Be3
c4 16. Rh5 Bc5 17. Nh3 Bxh3 18. gxh3 Bxe3 19. Qxe3 Nc6 20. Kf2 O-O-O 21. Nd5 Nxd5
22. exd5 Rde8 23. Qc3 Qxd5 24. Bxc4 Qc5+ 25. Kg2 d5 26. Bd3 Qxc3 27. Rxc3 Re7
28. Rh6 Kb8 29. Rb3 Nd4 30. Rb4 Ne6 31. Kf2 Rc8 32. Bf5 Rc6 33. Kg3 Kc7 34. Kg4
a5 35. Ra4 Rb6 1/2-1/2

[Event "Druzynowe Mistrzostwa Polski - II Liga 2023"]
[Site "Jastrzebia Gora"]
[Date "1899-12-30"]
[Round "3.88"]
[White "Kukula, Karol"]
[Black "Slawinski, Miroslaw"]
[Result "1/2-1/2"]
[WhiteTitle "I++"]
[BlackTitle "k"]
[WhiteElo "1978"]
[BlackElo "1905"]

1. e4 g6 2. d4 Bg7 3. Nf3 d6 4. c3 Nc6 5. Bd3 e5 6. O-O Bg4 7. dxe5 dxe5 8. h3
Bxf3 9. Qxf3 Qf6 10. Qg3 Qd6 11. Rd1 Nf6 12. Bc2 Qe7 13. Bg5 h6 14. Bxf6 Qxf6
15. Bb3 Rd8 16. Rxd8+ Nxd8 17. Na3 Ne6 18. Bxe6 Qxe6 19. Qe3 Qb6 20. Nc4 Qxe3
21. Nxe3 c6 22. Rd1 Ke7 23. Nc4 b5 24. Na5 Rc8 25. Kf1 Bf8 26. c4 Ke6 27. a3 f5
28. f3 fxe4 29. fxe4 Bc5 30. Nb3 Be7 31. c5 Rf8+ 32. Ke2 Rf4 33. Ke3 a5 34. Nxa5
Bxc5+ 35. Kd3 Bd4 36. Nxc6 Bxb2 37. Na7 Rf2 38. Rd2 Rxd2+ 39. Kxd2 Bxa3 40. Nxb5
Bb4+ 41. Kd3 h5 42. Kc4 Be1 43. Nc7+ 1/2-1/2

[Event "Druzynowe Mistrzostwa Polski - II Liga 2023"]
[Site "Jastrzebia Gora"]
[Date "1899-12-30"]
[Round "3.89"]
[White "Strepikowski, Pawel"]
[Black "Zabron, Maksym"]
[Result "0-1"]
[WhiteTitle "I"]
[BlackTitle "I++"]
[WhiteElo "1855"]
[BlackElo "1993"]

1. e4 c5 2. Nf3 Nf6 3. d3 Nc6 4. g3 g6 5. Bg2 Bg7 6. O-O d5 7. exd5 Nxd5 8. Re1
O-O 9. c3 e5 10. Nbd2 b6 11. Nc4 Re8 12. Ng5 Bb7 13. Qa4 h6 14. Ne4 Re6 15. g4
Nce7 16. g5 Nf5 17. Qd1 Qc7 18. Bh3 Nf4 19. Bxf4 exf4 20. Nf6+ Bxf6 21. Rxe6 fxe6
22. gxf6 b5 23. Nd2 Qe5 24. Ne4 Rd8 25. Qg4 Kf7 26. Re1 Bxe4 27. dxe4 Nd6 28.
Qh4 h5 29. Bf1 a6 30. a4 Rd7 31. axb5 axb5 32. f3 c4 33. Ra1 Qxf6 34. Qf2 Qe5
35. Qb6 Nc8 36. Qf2 Rc7 37. Ra6 Qc5 38. Qxc5 Rxc5 39. Bh3 Re5 40. Kf2 g5 41. Ke2
Ne7 42. Kd2 Ng6 43. Ra7+ Kf6 44. Rh7 g4 45. fxg4 hxg4 46. Bxg4 Rxe4 47. Bf3 Re5
48. h4 Re3 49. Bc6 Ne5 50. Bxb5 Rh3 51. Rc7 Rh2+ 52. Kc1 Nd3+ 53. Kd1 Nxb2+ 54.
Ke1 Nd3+ 55. Kf1 f3 56. Bxc4 Rh1# 0-1